| 000 | 00507nam a2200169 i 4500 | ||
|---|---|---|---|
| 001 | 101548 | ||
| 003 | ES-MaACL | ||
| 005 | 20230906182930.0 | ||
| 007 | t| | ||
| 008 | 051020s1972 sp ||||1| spa d | ||
| 100 | 1 |
_aMeade, J. E. _979624 |
|
| 245 | 1 | 0 |
_aEficacia, justicia y propiedad / _cJ. E. Meade; [traducción por Carlos Merayo Viñambres. |
| 260 |
_aMadrid : _bTecnos, _c1972. |
||
| 300 |
_a84 p. ; _c24 cm. |
||
| 700 | 1 |
_aMerayo Viñambres, Carlos. _980410 |
|
| 852 |
_aES-MaACL _jC-43690 _bR.83396 |
||
| 999 |
_c101548 _d101548 |
||